| 000 | 00883nam a22002055i 4500 | ||
|---|---|---|---|
| 001 | 151736 | ||
| 003 | ES-MaACL | ||
| 005 | 20251015063134.0 | ||
| 008 | 051004s1884 fr a | |||||||| ||fre d | ||
| 040 |
_aCAM _bspa _cCAM |
||
| 100 | 1 |
_aBeaunis, Henri Étienne, _d1830-1921 _9125879 |
|
| 245 | 1 | 0 |
_aRecherches expérimentales sur les conditions de l'activité cérébrale et sur la physiologie des nerfs / _cpar H. Beaunis. |
| 260 |
_aParis : _bJ.-B. Baillière et fils, _c1884 ( _eNancy : _fImprimerie Berger-Levrautl et c\pie\s) |
||
| 300 |
_av. ; _c25 cm. |
||
| 594 | _aPrecede al tit.: Laboratoire de physiologie de la Faculté de Médecine de Nancy. | ||
| 650 | 4 |
_aCerebro. _910903 |
|
| 752 |
_aFrancia - _dParís |
||
| 852 |
_aES-MaACL _jB-10872 _z-- Enc. hol. conservando la cub. original _q-- Sólo t.I (VIII, 166 p., XIX h. de lám.) |
||
| 999 |
_c151736 _d151736 |
||